Ottomans, Hungarians, and Habsburgs in Central Europe : the military confines in the era of Ottoman conquest

Αποθηκεύτηκε σε:
Λεπτομέρειες βιβλιογραφικής εγγραφής
Άλλοι συγγραφείς: David, Geza (Επιμελητής έκδοσης), Fodor, Pal (Επιμελητής έκδοσης)
Μορφή: Βιβλίο
Γλώσσα:English
Δημοσίευση: Leiden; Boston; Koln : Brill, 2000
Σειρά:Ottoman Empire and its heritage ; ; 20
Θέματα:
Ετικέτες: Προσθήκη ετικέτας
Δεν υπάρχουν, Καταχωρήστε ετικέτα πρώτοι!

MARC

LEADER 00000nam a2200000 i 4500
001 1/50425
008 040309s2000 eng d
020 |a 9004119078 
035 |l 10072581 
040 |a GR-MY-UA  |b gre  |e aacr 
041 0 |a eng 
082 0 |a 943  |2 (21) 
245 1 0 |a Ottomans, Hungarians, and Habsburgs in Central Europe :  |b the military confines in the era of Ottoman conquest /  |c edited by Geza David and Pal Fodor 
260 |a Leiden; Boston; Koln :   |b Brill,   |c 2000 
300 |a xxvii, 335 σ.;  |b πιν.;  |c 25 εκ. 
490 1 |a The Ottoman Empire and its heritage  |v ; 20 
504 |a Περιέχει βιβλιογραφία και ευρετήριο 
651 0 |a Europe, Central  |x History  |y To 1500. 
651 0 |a Europe, Central  |x History  |y 16th century. 
651 0 |a Europe, Central  |x History  |y 17th century. 
651 0 |a Europe, Central  |x History, Military. 
700 1 |a David, Geza.  |4 edt 
700 1 |a Fodor, Pal.  |4 edt 
830 0 |a Ottoman Empire and its heritage ;  |v ; 20 
852 |a INST  |b LESVOS  |e 20040309  |h 943 OTT  |p 005100030759  |q 005100030759  |t BK  |y 0 
901 |a BIBL1-2004-1 
909 |a Λ  |b 109067 
922 |a 1ΕΛΗ  |b 200402  |c ΕΠΕΑΕΚ2/ΤΚΑ  |d ΠΑΠΑΣΩΤΗΡΙΟΥ & ΕΛΕΥΘΕΡΟΥΔΑΚΗΣ 
950 |a 117-2003-12-03 
970 |a ΧΡΙΣΤΟΦΑ  |b ΝΙΚΗ  |z 2004/03/17